|
|
|
|
| LEADER |
00635ntm a2200157 i 4500 |
| 001 |
misc57276 |
| 005 |
20200923155001.0 |
| 008 |
200914suuuu hu o 0|| eng d |
| 040 |
|
|
|a SZTE Miscellanea Repozitórium
|b hun
|
| 041 |
|
|
|a eng
|
| 100 |
1 |
|
|a Kalmár László
|
| 245 |
1 |
3 |
|a On the decision problem of the predicate calculus of mathematical logic
|h [elektronikus dokumentum] :
|b Peking, 1958. dec. 1. 8.30 /
|c Kalmár László
|
| 300 |
|
|
|a 11 fol.
|c 20 x 15 cm
|
| 561 |
|
|
|a Kalmár László kínai hagyaték
|
| 695 |
|
|
|a Számelmélet - előadáskivonat
|
| 856 |
4 |
0 |
|u http://misc.bibl.u-szeged.hu/57276/1/kalmar_jegyzet_005.pdf
|z Dokumentum-elérés
|